Gaming Quiz

Random Gaming or Marvel Quiz

Marvel vs. Capcom 2 Characters Quiz Stats

 Plays Quiz Updated Oct 15, 2019

Score 0/56 Timer 08:00
5 Plays Today
Side Character % Correct
MarvelSpider-Man
85.5%
MarvelWolverine (Bone Claws)
83%
MarvelWolverine (Adamantium Claws)
83%
MarvelHulk
74.6%
MarvelIron Man
72.2%
CapcomRyu
72%
MarvelCyclops
69.8%
MarvelCaptain America
66.9%
CapcomKen
66.1%
MarvelStorm
64.3%
MarvelMagneto
59.9%
CapcomMega Man
57.7%
CapcomChun-Li
54.3%
MarvelVenom
51.8%
MarvelGambit
47.6%
MarvelRogue
46.8%
CapcomM. Bison
45.4%
CapcomGuile
44.4%
MarvelIceman
43.6%
MarvelWar Machine
43.5%
MarvelCable
42.1%
CapcomAkuma
41.4%
MarvelJuggernaut
41.1%
MarvelDoctor Doom
39%
CapcomZangief
38.6%
MarvelSentinel
37.3%
MarvelColossus
34.5%
MarvelPsylocke
34.2%
Side Character % Correct
CapcomJill Valentine
33.9%
CapcomDhalsim
33.8%
MarvelBlackheart
33.6%
CapcomRoll
33.6%
CapcomDan
32.9%
CapcomCammy
31.7%
CapcomMorrigan
31.6%
CapcomStrider Hiryu
31.5%
MarvelSabretooth
30.7%
CapcomTron Bonne
29.5%
CapcomCaptain Commando
29.4%
MarvelOmega Red
28.8%
CapcomCharlie
28.2%
CapcomFelicia
27.9%
CapcomServbot
27.4%
MarvelThanos
27.1%
CapcomSakura
26.4%
MarvelShuma-Gorath
26.3%
CapcomJin
25.8%
MarvelSilver Samurai
25.4%
CapcomRuby Heart
25.2%
MarvelMarrow
25.1%
CapcomB.B. Hood
24.9%
CapcomAmingo
24.9%
MarvelSpiral
21.4%
CapcomSonSon
21%
CapcomHayato
20.4%
CapcomAnakaris
19.9%

You're not logged in!

Compare scores with friends on all Sporcle quizzes.
OR
Log In

Sporcle TV

Today on Sporcle TV


Watch our educational content, quiz creation guides, and fun videos on Sporcle TV.

Show Comments

Extras

Top Quizzes Today


Score Distribution

Your Account Isn't Verified!

In order to create a playlist on Sporcle, you need to verify the email address you used during registration. Go to your Sporcle Settings to finish the process.

Report this User

Report this user for behavior that violates our Community Guidelines.

Details: